000 00291nam a2200097Ia 4500
005 20250424112903.0
008 250424s9999 xx 000 0 und d
300 _axl, 415 p. ; 28 cm.
650 _aLanguages, Modern--Bibliography. Literature--History and criticism--Bibliography.
942 _cSR
999 _c37708
_d37708